| 000 | 06325cam a22007934i 4500 | ||
|---|---|---|---|
| 003 | PE-LiUPU | ||
| 005 | 20250731173526.0 | ||
| 008 | 150616s1977 ag r 000 0 spa d | ||
| 020 | _a9789505737925 | ||
| 035 | _a(Sirsi) a8556 | ||
| 040 |
_aPE-LiUPU _bspa _cPE-LiUPU _erda |
||
| 049 | _aPRUA | ||
| 050 |
_aBX6146 _b.H43 |
||
| 082 | 0 | 4 |
_a286.7325 _bHA _221 |
| 100 | 1 |
_aWhite, Elena G. de, _eautor. |
|
| 245 | 1 | 4 |
_aLos hechos de los Apóstoles / _cElena G. de White. |
| 264 | 1 |
_aBuenos Aires : _bAsociación Casa Editora Sudamericana, _c1977. |
|
| 300 |
_a526 páginas ; _c18 centímetros |
||
| 336 |
_atext _2rdacontent |
||
| 337 |
_aunmediated _2rdamedia |
||
| 338 |
_avolume _2rdacarrier |
||
| 505 | 0 | _aEl propósito de Dios para su Iglesia -- La preparación de los doce -- La gran comisión -- Pentecostés -- El don del Espíritu -- A la puerta del templo -- Una amonestación contra la hipocresía -- Ante el Sanedrín -- Los siete diáconos -- El primer mártir cristiano -- El evangelio en Samaria -- De perseguidor a discípulo -- Dios de preparación -- Un buscador de la verdad -- Librado de la cárcel -- El evangelio en Antioquía -- Heraldos del evangelio -- La predicación entre los paganos -- Judíos y gentiles -- Pablo exalta la cruz -- En las regiones lejanas -- Tesalónica -- Berea y Atenas -- Corinto -- Las cartas a los Tesalonicenses -- Apolos en Corinto -- Éfeso -- Días de trabajo y de prueba -- Amonestación y súplica -- Llamamiento a alcanzar una norma más alta -- Se escucha el mensaje -- Una iglesia generosa -- Trabajos y dificultades -- Un ministerio consagrado -- La salvación ofrecida a los judíos -- Apostasía en Galacia -- Último viaje de Pablo a Jerusalén -- La prisión de Pablo -- El juicio en Cesarea -- Pablo apela a César -- Por poco me persuades -- Viaje y naufragio -- En Roma -- En la casa de César -- Cartas escritas desde Roma -- Pablo en libertad -- El último arresto de Pablo -- Nuevamente ante Nerón -- La última carta de Pablo -- Condenado a muerte -- Un fiel subpastor -- Firme hasta el fin -- Juan el amado -- Un testigo fiel -- Transformado por la gracia -- Patmos -- El Apocalipsis -- La iglesia triunfante. | |
| 526 | _aSEG42 | ||
| 526 | _aSEG41 | ||
| 526 | _aSEG40 | ||
| 526 | _aSEG39 | ||
| 526 | _aP94 | ||
| 526 | _aP87 | ||
| 526 | _aP86 | ||
| 526 | _aP85 | ||
| 526 | _aP77 | ||
| 526 | _aP76 | ||
| 526 | _aP35 | ||
| 541 | _g001-0000525; | ||
| 630 |
_aBiblia. _pN.T. _pHechos _xComentarios. |
||
| 910 |
_ajck _bjvq _cjck |
||
| 942 |
_2ddc _cBOOK |
||
| 949 |
_a286.7325 HA _wDEWEY _c1 _i23530 _lCCODEBUL1 _mBUL _pdollar15 _r0 _sY _tBOOK _u2015-04-23 _xBIBLIOTECA _zUNKNOWN _0COMPRA _o.STAFF. Colección Teología |
||
| 949 |
_a286.7325 HA _wDEWEY _c2 _i48945 _lCCODEBUL1 _mBUL _pdollar15 _r0 _sY _tBOOK _u2015-04-23 _xBIBLIOTECA _zUNKNOWN _0COMPRA _o.STAFF. Colección Teología |
||
| 949 |
_a286.7325 HA _wDEWEY _c3 _i23532 _lCCODEBUL1 _mBUL _pdollar15 _r0 _sY _tBOOK _u2015-04-23 _xBIBLIOTECA _zUNKNOWN _0COMPRA _o.STAFF. Colección Teología |
||
| 949 |
_a286.7325 HA _wDEWEY _c4 _i18013 _lCCODEBUL1 _mBUL _pdollar15 _r0 _sY _tBOOK _u2015-04-23 _xBIBLIOTECA _zUNKNOWN _0COMPRA _o.STAFF. Colección Teología |
||
| 949 |
_a286.7325 HA _wDEWEY _c5 _i20367 _lCCODEBUL1 _mBUL _pdollar15 _r0 _sY _tBOOK _u2015-04-23 _xBIBLIOTECA _zUNKNOWN _0COMPRA _o.STAFF. Colección Teología |
||
| 949 |
_a286.7325 HA _wDEWEY _c6 _i62328 _lCCODEBUL1 _mBUL _pdollar15 _r0 _sY _tBOOK _u20091109 _xBIBLIOTECA _zUNKNOWN _0COMPRA _o.STAFF. Colección Teología |
||
| 949 |
_a286.7325 HA _wDEWEY _c7 _i63350 _lCCODEBUL1 _mBUL _pdollar12 _r0 _sY _tBOOK _u20110810 _xTEOLOGIA _PP35 _0COMPRA _o.STAFF. Colección Teología |
||
| 949 |
_a286.7325 HA _wDEWEY _c8 _i23531 _lCCODEBUL1 _mBUL _pdollar15 _r0 _sY _tBOOK _u2015-04-23 _xBIBLIOTECA _zUNKNOWN _0COMPRA _o.STAFF. Colección Teología |
||
| 949 |
_a286.7325 HA _wDEWEY _c9 _i23536 _lCCODEBUL1 _mBUL _pdollar15 _r0 _sY _tBOOK _u2015-04-23 _xBIBLIOTECA _zUNKNOWN _0COMPRA _o.STAFF. Colección Teología |
||
| 949 |
_a286.7325 HA _wDEWEY _c10 _i23529 _lCCODEBUL1 _mBUL _pdollar15 _r0 _sY _tBOOK _u2015-04-23 _xBIBLIOTECA _zUNKNOWN _0COMPRA _o.STAFF. Colección Teología |
||
| 994 |
_aC0 _bPEPRU |
||
| 596 | _a1 4 | ||
| 999 |
_a286.7325 HA _wDEWEY _c59921 _i23530 _d59921 _e2017-8-27 _f2019-12-11 _g4 _lDISCARD _mBUL _n1 _p15.00 _q5 _r1 _sY _tBOOK _u2015-4-23 _xTEOLOGIA _PP35 _0COMPRA _o.STAFF. Colección Teología |
||
| 999 |
_a286.7325 HA _wDEWEY _c3 _i23532 _d2016-12-5 _e2016-11-6 _f2019-12-11 _g4 _lDISCARD _mBUL _n3 _p10.00 _r1 _sY _tBOOK _u2015-4-23 _xTEOLOGIA _PP35 _0COMPRA _o.STAFF. Colección Teología |
||
| 999 |
_a286.7325 HA _wDEWEY _c6 _i62328 _d2019-3-18 _e2019-3-17 _f2021-11-11 _g5 _lCCODEBUL1 _mBUL _n9 _p15.00 _q5 _r0 _sY _tBOOK _u2015-6-16 _xTEOLOGIA _zUNKNOWN _0COMPRA _o.STAFF. Colección Teología |
||
| 999 |
_a286.7325 HA _wDEWEY _c7 _i63350 _d2019-12-5 _e2019-11-19 _f2021-11-11 _g5 _lCCODEBUL1 _mBUL _n13 _p12.00 _q13 _r0 _sY _tBOOK _u2015-6-16 _xTEOLOGIA _PP35 _0COMPRA _o.STAFF. Colección Teología |
||
| 999 |
_a286.7325 HA _wDEWEY _c8 _i23531 _lLOST _mBUL _r1 _sY _tBOOK _u2015-4-23 _xBIBLIOTECA _zUNKNOWN _0COMPRA _o.STAFF. Colección General |
||
| 999 |
_a286.7325 HA _wDEWEY _c9 _i23536 _d2019-8-21 _f2019-12-11 _g4 _lDISCARD _mBUL _q3 _r1 _sY _tBOOK _u2015-4-23 _xTEOLOGIA _zUNKNOWN _0COMPRA _o.STAFF. Colección General |
||
| 999 |
_a286.7325 HA _wDEWEY _c10 _i23529 _f2019-12-11 _g4 _lDISCARD _mBUL _r1 _sY _tBOOK _u2015-4-23 _xTEOLOGIA _zUNKNOWN _0COMPRA _o.STAFF. Colección General |
||
| 999 |
_a286.7325 HA 1977 _wDEWEY _c1 _iCW18013 _f2021-12-21 _g2 _lCCODECWL1 _mBWL _p10.00 _r1 _sY _tBOOK _u2015-4-23 _xWHITE _zUNKNOWN _0COMPRA _o.STAFF. Centro White |
||
| 999 |
_a286.7325 HA 1977 _wDEWEY _c2 _iCW48945 _f2021-12-21 _g2 _lCCODECWL1 _mBWL _p10.00 _r1 _sY _tBOOK _u2015-4-23 _xWHITE _zUNKNOWN _0COMPRA _o.STAFF. Centro White |
||
| 999 |
_a286.7325 HA 1977 _wDEWEY _c3 _iCW20367 _f2021-12-21 _g2 _lCCODECWL1 _mBWL _p10.00 _r1 _sY _tBOOK _u2015-4-23 _xWHITE _zUNKNOWN _0COMPRA _o.STAFF. Centro White |
||
| 980 |
_81 _gALBERTO SANCHEZ Responsable de Automatización |
||